ბათუმის შოთა რუსთაველის სახელმწიფო უნივერსიტეტის ბიბლიოთეკა

The European Union as a diplomatic actor / (ბიბ.ჩანაწერი № 57967)

000 -LEADER
fixed length control field 00942cam a2200217 i 4500
001 - CONTROL NUMBER
control field 18266077
005 - DATE AND TIME OF LATEST TRANSACTION
control field 20221111103229.0
008 - FIXED-LENGTH DATA ELEMENTS--GENERAL INFORMATION
fixed length control field 140813s2015 enk b 001 0 eng
020 ## - INTERNATIONAL STANDARD BOOK NUMBER
International Standard Book Number 9781137356840x
041 ## - LANGUAGE CODE
Language code of text/sound track or separate title eng
080 ## - UNIVERSAL DECIMAL CLASSIFICATION NUMBER
Universal Decimal Classification number 327(4) Th-44
245 04 - TITLE STATEMENT
Title The European Union as a diplomatic actor /
Statement of responsibility, etc. edited by Joachim A. Koops, Dean, Vesalius College and research professor, Institute of European Studies, Vrije Universiteit Brussel, Belgium and Gjovalin Macaj, St. Antony's College, University of Oxford, UK.
264 #1 - PRODUCTION, PUBLICATION, DISTRIBUTION, MANUFACTURE, AND COPYRIGHT NOTICE
Place of production, publication, distribution, manufacture Houndmills, Basingstoke, Hampshire :
Name of producer, publisher, distributor, manufacturer Palgrave Macmillan,
Date of production, publication, distribution, manufacture, or copyright notice 2015.
300 ## - PHYSICAL DESCRIPTION
Extent xix, 209 pages ;
Dimensions 23 cm.
653 ## - INDEX TERM--UNCONTROLLED
keyword The European Union as a Diplomatic Actor
653 ## - INDEX TERM--UNCONTROLLED
keyword дипломатия
653 ## - INDEX TERM--UNCONTROLLED
keyword დიპლომატია
700 1# - ADDED ENTRY--PERSONAL NAME
Personal name Koops, Joachim Alexander.
9 (RLIN) 11307
Relator term რედაქტორი
700 1# - ADDED ENTRY--PERSONAL NAME
Personal name Macaj, Gjovalin.
9 (RLIN) 11308
Relator term რედაქტორი
942 ## - ADDED ENTRY ELEMENTS (KOHA)
Source of classification or shelving scheme
Koha item type წიგნი
ეგზემპლარები
Withdrawn status Lost status Source of classification or shelving scheme Damaged status Not for loan Permanent Location Current Location Shelving location Date acquired Cost, normal purchase price Full call number Barcode Date last seen Copy number Price effective from Koha item type Public note
          ბათუმის შოთა რუსთაველის სახელმწიფო უნივერსიტეტის მთავარი ბიბლიოთეკა ბათუმის შოთა რუსთაველის სახელმწიფო უნივერსიტეტის მთავარი ბიბლიოთეკა წიგნსაცავი 2021-04-13 242.00 327(4) Th-44 54167 2021-04-13 54167 2021-04-13 წიგნი 242.00 GEL.